Score 0/21 Timer 02:00
3 Plays Today
Clue 4-Letter Word % Correct
Karate move or a food made of porkCHOP
95%
Another term for maizeCORN
94%
You can do this 'til you drop!SHOP
93.2%
Put into categoriesSORT
92.7%
Chimney darkenerSOOT
92.3%
Potato or poker, e.g.CHIP
91.4%
AchySORE
91.2%
The point of the lower jawCHIN
91.1%
Saxophone or bugle, e.g.
• [Rung 1][Rung 8]: It helps you put on your footwear •
• HORN •
90.9%
Bottom of the footSOLE
90.6%
Not far away in timeSOON
89.9%
Clue 4-Letter Word % Correct
Liver fluidBILE
87.8%
Valuable chunk of metalCOIN
84.6%
Sign that bread is oldMOLD
83.4%
Trunk of a treeBOLE
82%
Statement of money owed
• [Rung 8][Rung 17]: African and Asian bird; Zazu is one •
• BILL •
81.9%
Shannon who was the lead singer in Blind MelonHOON
80%
Make flour from wheatMILL
78.8%
Clog or pump, e.g.• SHOE •
76.2%
Relatively low on the Scoville ScaleMILD
74.7%
Do a laundry day task
• [Rung 17][Rung 21]: A place to keep your money •
• FOLD •
72%

Today's Daily Dose

Remove Ads.
Support Sporcle.
Get the best of Sporcle when you Go Orange. This ad-free experience offers more features, more stats, and more fun while also helping to support Sporcle. Thank you for becoming a member.

You're not logged in!

Compare scores with friends on all Sporcle quizzes.
OR
Log In

Show Comments

Extras

Top Quizzes Today


Score Distribution

Your Account Isn't Verified!

In order to create a playlist on Sporcle, you need to verify the email address you used during registration. Go to your Sporcle Settings to finish the process.

Report this User

Report this user for behavior that violates our Community Guidelines.

Details: